000 00799nam a2200229Ii 4500
003 JO-AjNU
008 230605s9999||||xx |||||||||||||| ||und||
017 _a2008/6/2073
020 _a9957-16-439-3
040 _aJO-AjNU
_bara
_erda
_cJO-AjNU
041 _aara
050 1 4 _aJX1954.M8322.2009
100 3 _a محمد ، عبد الملك يونس ,
_eauthor
_931274
245 0 0 _aمسؤولية المنظمات الدولية عن أعمالها والقضاء المختص بمنازعاتها " دراسة تحليلية "
250 _aط1
264 3 1 _aعمان : دار الثقافة ، 2009
300 _a320ص
336 _atext
_btxt
_2rdacontent
337 _aunmediated
_bn
_2rdamedia
338 _avolume
_bnc
_2rdacarrier
650 4 _aالمنظمات الدولية
_931275
999 _aA12492
_c16060
_d16060